000 00569cam a22002052a 4500
001 003610
003 AR-FADEU
008 311216n1961####xxu####################dd
092 _a133.82
_bE33
100 _aEhrenwald, Jan
245 _aTelepatía y relaciones interpersonales : nuevas dimenciones del análisis profundo
260 _aBuenos Aires
260 _bPaidós
260 _c1961
300 _a327 p
440 _aBiblioteca de parapsicología
_n4
500 _aIncluye bibliografía
650 _aPERCEPCION EXTRASENSORIAL; TELEPATIA
942 _cBDGR
999 _c9440
_d9440